000 00670nam a2200277Ia 4500
005 20260324120248.0
008 008 260324s9999 xx 000 0 eng d
020 _a9781315819389
037 _aEBOOK
040 _aCRL
040 _beng
040 _cCRL
041 _2eng
041 _aeng
084 _qCRL
100 _aThomas C. Lawton; Tazeeb S. Rajwani
_91157868
245 4 _aThe Routledge Companion to Non-Market Strategy
260 _bTaylor and Francis
260 _c2015
365 _a
365 _b420
856 _uhttp://www.taylorfrancis.com/books/9781315819389
942 _cEBOOK
999 _c1749315
_d1749315